| 000 | 00387nam a2200145Ia 4500 | ||
|---|---|---|---|
| 008 | 230312s9999||||xx |||||||||||||| ||und|| | ||
| 020 | _a0071546650 | ||
| 082 |
_a643.602 _bGLI-A |
||
| 100 | _aAnderson,Paul | ||
| 245 | 0 | _aTechnical communication : a reader-centered approach | |
| 260 |
_bMcGraw hill _aNew York _c2009 |
||
| 300 | _a741 | ||
| 650 |
_aComputer _vStudy Guides |
||
| 942 | _cBK | ||
| 999 |
_c16744 _d16744 |
||